Estaciones de Jerusalén, para servir de asunto de meditación sobre la pasión de Nuestro Señor Jesucristo

Detalles Bibliográficos
Autor principal: Parvilliers, Adrien 1619-1678
Otros Autores: Benito Aragones (tr.)
Formato: Libro
Lenguaje:Spanish
Publicado: México 1852
Materias:
Colección:Banco de datos
Acervo:Biblioteca de la Congregación del Oratorio de San Felipe Neri de México. Iglesia La Profesa
Descripción Física:54 p. 10 cm.
Tema general:Ascética
Notas:Encuadernación en cartón con lomo en piel. Sello en tinta del Oratorio de San Felipe Neri de México. Biblioteca La Profesa, D.F.
LEADER 00997nam a22001810004500
035 |a 633 
041 0 |a spa 
100 1 |a Parvilliers, Adrien  |d 1619-1678 
245 1 0 |a Estaciones de Jerusalén, para servir de asunto de meditación sobre la pasión de Nuestro Señor Jesucristo  |c por el R. P. Parvilliers, jesuita quien lo averiguo todo, visitando por sí mismo los santos lugares ; traducido de la segunda edición francesa, aumentada con un diálogo sobre la oración mental, por D. Benito Aragones, presbítero 
260 |a México  |b imprenta de Luis Abadiano y Valdés  |c 1852 
300 |a 54 p.  |c 10 cm. 
500 |a Encuadernación en cartón con lomo en piel. Sello en tinta del Oratorio de San Felipe Neri de México. Biblioteca La Profesa, D.F. 
650 1 0 |a Ascética 
700 1 |a Benito Aragones  |e tr. 
949 |a Iglesia La Profesa, Biblioteca 779 
942 |c PROFESA 
943 |g Biblioteca de la Congregación del Oratorio de San Felipe Neri de México. Iglesia La Profesa 
999 |c 947444  |d 947444